ਪਰਿਕਰਮਾ : (Record no. 109792)

MARC details
000 -LEADER
fixed length control field 01018nam a22002657a 4500
005 - DATE AND TIME OF LATEST TRANSACTION
control field 20170123164143.0
010 ## - LIBRARY OF CONGRESS CONTROL NUMBER
LC control number B-095088
020 ## - INTERNATIONAL STANDARD BOOK NUMBER
International Standard Book Number 8171163777
035 ## - SYSTEM CONTROL NUMBER
System control number B-095088
037 ## - SOURCE OF ACQUISITION
Source of stock number/acquisition Cen Lib / Ret
040 ## - CATALOGING SOURCE
Original cataloging agency DPL
Language of cataloging PN
082 ## - DEWEY DECIMAL CLASSIFICATION NUMBER
Classification number
Item number ਗਰੇਵਾ
100 ## - MAIN ENTRY--PERSONAL NAME
Personal name ਬਲਦੇਵ ਸਿੰਘ ਗਰੇਵਾਲ
9 (RLIN) 118844
245 ## - TITLE STATEMENT
Title ਪਰਿਕਰਮਾ :
Statement of responsibility, etc ਬਲਦੇਵ ਸਿੰਘ ਗਰੇਵਾਲ
Remainder of title ਨਾਵਲ /
246 ## - VARYING FORM OF TITLE
Title proper/short title Parikarma
Remainder of title by Baldev Singh Grewal
260 ## - PUBLICATION, DISTRIBUTION, ETC. (IMPRINT)
Place of publication, distribution, etc ਦਿਲੀ
Name of publisher, distributor, etc ਨੈਸ਼ਨਲ਼ ਬੂਕ ਸ਼ਾਪ
Date of publication, distribution, etc 2004
270 ## - ADDRESS
Address K-24, ਹੌਜ ਖਾਸ
270 ## - ADDRESS
City ਪ੍ਲੇਆਸੁਰ ਗਾਰਡਨ ਮਾਰਕਿਟ, ਚਾਂਦਨੀ ਚੋਕ
Postal code ਦਿੱਲੀ
Address 110006
300 ## - PHYSICAL DESCRIPTION
Extent 79p.
Dimensions 22cm(Hb)
650 ## - SUBJECT ADDED ENTRY--TOPICAL TERM
Topical term or geographic name as entry element ਪੰਜਾਬੀ ਸਾਹਿਤ
9 (RLIN) 118845
650 ## - SUBJECT ADDED ENTRY--TOPICAL TERM
Topical term or geographic name as entry element ਪੰਜਾਬੀ ਨਾਵਲ
9 (RLIN) 118846
650 ## - SUBJECT ADDED ENTRY--TOPICAL TERM
Topical term or geographic name as entry element Punjabi Literature
9 (RLIN) 781
650 ## - SUBJECT ADDED ENTRY--TOPICAL TERM
Topical term or geographic name as entry element Punjabi Novel
9 (RLIN) 6285
942 ## - ADDED ENTRY ELEMENTS (KOHA)
Source of classification or shelving scheme Dewey Decimal Classification
Koha item type Punjabi Bks
Edition
Classification part
Call number suffix ਗਰੇਵਾ
Holdings
Withdrawn status Lost status Damaged status Not for loan Home library Current library Date acquired Source of acquisition Total Checkouts Full call number Barcode Date last seen Date checked out Copy number Price effective from Koha item type
        Central Library Central Library 06/01/2016 Cen Lib/Ret 1 ੳ ਗਰੇਵਾ B-095088 05/11/2024 23/10/2024 1 06/01/2016 Punjabi Bks

© Delhi Public Library
Hit Counter
free hit counter